000 00254nam a2200109Ia 4500
008 220216s9999 xx 000 0 und d
100 _aAmbili K K
245 0 _aRubber krishiyil aavaranavilakal
260 _bRubber
_c2015
300 _a16-17
942 _cBS
999 _c48611
_d48611